000 00875nam a22001817a 4500
999 _c61157
_d61157
005 20231225160337.0
008 231225s1970 ru ||||| |||| 00| 0 rus d
080 _a008(-11)(44)(092)+930(479.22) X-19
100 _aХантадзе, Шота
_920874
245 _aАкадемик Мари Броссе и европейское и русское грузиноведение :
_b(Историографический очерк) /
_cШ. Хантадзе.
264 _aТбилиси :
_b"Мецниереба",
_c1970.
300 _a209 c. ;
_b 22 см.
653 _aქართული ისტორიოგრაფია
653 _aქართველოლოგიური კვლევები
653 _aქართველოლოგიური კვლევები
653 _aისტორია
942 _2udc
_cᲬᲘᲒᲜᲘ